| 000 | 01866nam a2200409 a 4500 | ||
|---|---|---|---|
| 001 | vtls003208409 | ||
| 003 | MY-SjTCS | ||
| 005 | 20200306164313.0 | ||
| 006 | m u | ||
| 007 | cr cn||||||||| | ||
| 008 | 100906s2007 ne b sb 001 0 eng d | ||
| 020 | _z9789004157903 | ||
| 020 | _z9789047420071 | ||
| 035 | _a(CaPaEBR)ebr10270812 | ||
| 039 | 9 |
_y201009061414 _zVLOAD |
|
| 040 |
_aCaPaEBR _cCaPaEBR |
||
| 043 | _af------ | ||
| 050 | 1 | 4 |
_aDT30.5 _b.M35 2007eb |
| 245 | 0 | 0 |
_aMaking nations, creating strangers _h[electronic resource] : _bstates and citizenship in Africa / _cedited by Sara Dorman, Daniel Hammett, Paul Nugent. |
| 260 |
_aLeiden : _bBrill, _c2007. |
||
| 300 |
_axii, 277 p. : _bmaps ; _c24 cm. |
||
| 490 |
_aAfrican social studies series, _x1568-1203 ; _vv. 16 |
||
| 504 | _aIncludes bibliographical references and index. | ||
| 505 | 0 | _apt. 1. Citizenship, nation and Africa -- pt. 2. Inclusion, exclusion and conflict -- pt. 3. Land and belonging -- pt. 4. Nations building boundaries -- pt. 5. Present, past and future of citizenship in Africa. | |
| 529 | _aTSLHHL | ||
| 533 |
_aElectronic reproduction. _bPalo Alto, Calif. : _cebrary, _d2009. _nAvailable via World Wide Web. _nAccess may be limited to ebrary affiliated libraries. |
||
| 650 | 0 |
_aCitizenship _zAfrica. _9249482 |
|
| 650 | 0 |
_aNation-state. _939527 |
|
| 651 | 0 |
_aAfrica _xPolitics and government _y1960- _921191 |
|
| 651 | 0 |
_aAfrica _xSocial conditions. _9249483 |
|
| 655 | 7 |
_aElectronic books. _2local _9201578 |
|
| 700 | 1 |
_aDorman, Sara Rich. _9249484 |
|
| 700 | 1 |
_aHammett, Daniel Patrick. _9249485 |
|
| 700 | 1 |
_aNugent, Paul, _d1962- _9249486 |
|
| 710 | 2 |
_aebrary, Inc. _925628 |
|
| 856 | 4 | 0 |
_uhttps://ezproxy.taylors.edu.my/login?url=http://site.ebrary.com/lib/taylorscollege/Doc?id=10270812 _zAn electronic book accessible through the World Wide Web; click to view |
| 999 | _c48965 | ||